LAW OF INCOME TAX (Record no. 20761)

MARC details
000 -LEADER
fixed length control field 00262nam a22001217a 4500
003 - CONTROL NUMBER IDENTIFIER
control field SGT
082 ## - DEWEY DECIMAL CLASSIFICATION NUMBER
Classification number 336.24
Item number IYE
100 ## - MAIN ENTRY--PERSONAL NAME
Personal name IYENGAR ,SAMPATH
245 ## - TITLE STATEMENT
Title LAW OF INCOME TAX
260 ## - PUBLICATION, DISTRIBUTION, ETC. (IMPRINT)
Place of publication, distribution, etc CALCUTTA
Name of publisher, distributor, etc EASTERN LAW HOUSE
Year of Publication 1963
300 ## - PAGE DESCRIPTION
No. of Pages 1868
942 ## - ADDED ENTRY ELEMENTS (KOHA)
Source of classification or shelving scheme Dewey Decimal Classification
Koha item type Books
Holdings
Withdrawn status Lost status Source of classification or shelving scheme Damaged status Not for loan Collection code Home library Current library Shelving location Date acquired Volume Information (Serial or Books or Non-Book Material) SGTU Full call number Accession No. (Barcode) Date last seen Bill Date Koha item type
    Dewey Decimal Classification   Not For Loan LAW SGT Science & Social Sciences Library SGT Science & Social Sciences Library Reference Book 24/10/2020 1 SGTU 336.24 IYE FL2505 24/10/2020 24/10/2020 Books
    Dewey Decimal Classification   Not For Loan LAW SGT Science & Social Sciences Library SGT Science & Social Sciences Library Reference Book 24/10/2020 3 SGTU 336.24 IYE FL2506 24/10/2020 24/10/2020 Books